000
00283nam a22001337a 4500
008
170407b xxu||||| |||| 00| 0 eng d
020
_a
9780397516940
041
_a
eng
080
_a
616
100
_a
9
101
_a
SHM
245
_a
BREAST PATOLOGY
_c
ROSEN.P.P
942
_2
udc
_c
BK
999
_c
10284
_d
10284